000 01412nam a2200385Ii 4500
001 DIGDEXT0030
003 NyNyDIG
006 m o d
007 cr |||||||||||
008 240808s2019 sp ob 000 0 spa d
035 _a(OCoLC)1452248952
040 _aDGITA
_beng
_erda
_epn
_cDGITA
020 _z9788417946067
050 1 4 _aHD58.8 ebook
050 1 4 _aB528 ebook
100 1 _aMartín García, Miguel Ángel,
_eauthor.
245 1 3 _aEl directivo estoico : ¿nueva o vieja gestión de la Res publica? /
_cMiguel Ángel Martín García.
264 1 _aMadrid :
_bDextra Editorial,
_c[2019]
300 _a1 online resource.
336 _atext
_btxt
_2rdacontent
337 _acomputer
_bc
_2rdamedia
338 _aonline resource
_bcr
_2rdacarrier
347 _atext file
_2rdaft
347 _bPDF
504 _aIncludes bibliographical references.
588 0 _aOnline resource; title from PDF title page (Digitalia, viewed August 8, 2024)
650 0 _aOrganizational change.
650 0 _aStoics.
791 2 _aDigitalia (Firm),
_edistributor.
793 0 _gDigitalia eBook Collection:
_aDextra Editorial
776 0 8 _iPrint version:
_aMartín García, Miguel Ángel.
_tDirectivo estoico.
_dMadrid : Dextra Editorial, [2019]
_z9788417946067
856 4 0 _3Digitalia Hispánica
_uhttps://www.digitaliapublishing.com/a/156194/
910 _aPremium collection: 2024
942 _cRAA
999 _c286287
_d286287